=LDR 00000nam 2200000 4500 =001 INLIS000000000015810 =005 20130612111102 =008 ***********************************Ind** =035 ##$$0010-061300000015810 =041 ##$$a Ind =082 ##$$a 028.5 =090 ##$$a 028.5, mul b =100 ##$$a Mulyati, Dedeh =245 ##$$a berkah kulit kerang, Dedeh mulyati =260 ##$$a 1994 $b Bandung =300 ##$$a VII,44 hlm, ils, 21cm =650 ##$$a Bacaan Anak-anak =850 ##$$a NBPNMAT